| 000 | 00000nam 2200000za 4500 |
| 001 | 9.532892 |
| 003 | CaOODSP |
| 005 | 20210615083116 |
| 007 | ta |
| 008 | 150406|2000||||xxc||||| f|0| 0 eng d |
| 020 | |a0-662-64566-9 |
| 040 | |aCaOODSP|beng |
| 041 | |aeng |
| 041 | |afre |
| 043 | |an-cn--- |
| 086 | 1 |aC21-25/9-1999 |
| 110 | 1 |aCanada.|bIndustry Canada. |bMicro-Economic Analysis Directorate. |
| 245 | 10|aIs Canada missing the "technology boat"? : |bevidence from patent data / |cby Manuel Trajtenberg. |
| 260 | |aOttawa - Ontario : |bIndustry Canada. |c2000. |
| 300 | |aEnglish text, 48p. : |bgraphs, tables ; |c28 cm. |
| 490 | 1 |aDiscussion paper|v9 |
| 500 | |a"This paper is an attempt to shed light on the innovative performance of Canada with the aid of highly detailed patent data, drawn from all patents granted in the United States to Canadian inventors, and to U.S. patents granted to other countries."--Introduction. |
| 504 | |aBibliography. |
| 520 | 3 |aThis paper is an attempt to shed light on the innovative performance of Canada with the aid of highly detailed patent data, drawn from all patents granted in the United States to Canadian inventors, and to U.S. patents granted to other countries.--Introduction |
| 546 | |aBilingual |
| 563 | |aSoftcover |
| 590 | |a00-51|b2000-12-29 |
| 690 | 07|aPatents|2gcpds |
| 690 | 07|aTechnological innovation|2gcpds |
| 690 | 07|aIntellectual property|2gcpds |
| 690 | 07|aIndustrial productivity|2gcpds |
| 720 | 1 |aTrajtenberg, Manuel |
| 776 | 0#|tIs Canada missing the "technology boat"? |w(CaOODSP)9.571969 |
| 776 | 0#|tLe Canada manque-t-il le « bateau technologique »? |w(CaOODSP)9.602389 |
| 792 | |tLe Canada manque-t-il le bateau technologique? : |efre|w(CaOODSP)9.532893 |
| 830 | #0|aDiscussion paper (Canada. Industry Canada)|v9|w(CaOODSP)9.509054 |